[Event "ICS rated standard match"]
[Site "204.178.125.65"]
[Date "2000.12.03"]
[Round "?"]
[White "Hossa"]
[Black "BrazilianMaster"]
[Result "0-1"]
[WhiteElo "2331"]
[BlackElo "2657"]
[PlyCount "92"]
[EventDate "2000.??.??"]

1. e4 e5 2. Nf3 Nc6 3. Bb5 a6 4. Ba4 Nf6 5. O-O Be7 6. Re1 b5 7. Bb3 O-O 8. a4
b4 9. d4 Nxd4 10. Nxd4 exd4 11. e5 Ne8 12. Qxd4 c5 13. Qd3 Bb7 14. c3 d6 15.
Bc2 f5 16. cxb4 cxb4 17. exd6 Bxd6 18. Qh3 Qf6 19. Bb3+ Kh8 20. Nd2 Rd8 21. Nf3
Qg6 22. Ng5 Nc7 23. Qh4 h6 24. Bf7 Qf6 25. g3 Bc5 26. Kf1 Rd4 27. Qh5 Rg4 28.
Ne6 Nxe6 29. Bxe6 Qd4 30. Be3 Qd3+ 31. Re2 Qe4 32. Rd2 Qh1+ 33. Ke2 Bf3+ 34.
Kd3 Qxa1 35. Qxg4 fxg4 36. Bxc5 Qb1+ 37. Kc4 Qe4+ 38. Kb3 Qxe6+ 39. Kxb4 Rb8+
40. Ka5 Qc6 41. Rd8+ Rxd8 42. Ba7 Bd1 43. b3 Rd5+ 44. Kb4 a5+ 45. Ka3 Qc1+ 46.
Ka2 Rd2# {Hossa checkmated} 0-1

[Event "ICS rated blitz match"]
[Site "204.178.125.65"]
[Date "2000.12.03"]
[Round "?"]
[White "Amateur"]
[Black "Hossa"]
[Result "1-0"]
[WhiteElo "2558"]
[BlackElo "2489"]
[PlyCount "167"]
[EventDate "2000.??.??"]

1. e4 e5 2. Nf3 Nc6 3. Bb5 a6 4. Ba4 Nf6 5. O-O Be7 6. Re1 b5 7. Bb3 O-O 8. c3
d6 9. h3 Na5 10. Bc2 c5 11. d4 Qc7 12. Bg5 h6 13. Bh4 Nc4 14. b3 Na5 15. Bg3
cxd4 16. cxd4 Nc6 17. dxe5 dxe5 18. Nc3 Bb4 19. Re3 Bc5 20. Rd3 Qe7 21. a4 bxa4
22. bxa4 Qa7 23. Qe1 Nb4 24. Rd2 Bd4 25. Nxd4 exd4 26. Nd5 Nfxd5 27. exd5 Nxc2
28. Rxc2 Qb7 29. Qe5 Rd8 30. d6 Qb4 31. Bf4 d3 32. Rb2 Qc4 33. a5 f6 34. Qe3
Qc3 35. Rab1 Bf5 36. Qb6 Qc4 37. Rb4 Qc2 38. Qd4 Qe2 39. R4b3 Kh8 40. R3b2 Qe6
41. Rb7 d2 42. Rf1 Qe4 43. Qxe4 Bxe4 44. Rb6 Bd3 45. Rd1 Rd7 46. Rxd2 Bb5 47.
Rc2 g5 48. Bd2 Rad8 49. Bb4 Kg7 50. Kh2 f5 51. Rc5 Kf6 52. Kg3 h5 53. f4 Bd3
54. fxg5+ Kxg5 55. h4+ Kf6 56. Bd2 Ke6 57. Bg5 Rg8 58. Kf4 Rg6 59. Re5+ Kf7 60.
Rd5 Bb5 61. Rxf5+ Ke6 62. g4 hxg4 63. h5 Rg8 64. Re5+ Kf7 65. Kxg4 Re8 66. Rxe8
Kxe8 67. h6 Kf7 68. Kf5 Bd3+ 69. Ke5 Kg6 70. Bc1 Kf7 71. Rb3 Bh7 72. Rc3 Ke8
73. Rc8+ Rd8 74. Rxd8+ Kxd8 75. Bf4 Bd3 76. Kf6 Kd7 77. Kg7 Ke6 78. h7 Bb5 79.
h8=Q Kf5 80. Qf8+ Kg4 81. Be5 Be2 82. Qf4+ Kh5 83. Bf6 Bf3 84. Qxf3# {
Hossa checkmated} 1-0

[Event "ICS rated standard match"]
[Site "204.178.125.65"]
[Date "2000.12.03"]
[Round "?"]
[White "Amateur"]
[Black "Hossa"]
[Result "1-0"]
[WhiteElo "2396"]
[BlackElo "2327"]
[PlyCount "69"]
[EventDate "2000.??.??"]

1. Nf3 Nf6 2. c4 b6 3. Nc3 Bb7 4. d4 e6 5. a3 Be7 6. e3 O-O 7. Bd3 d5 8. O-O
dxc4 9. Bxc4 Re8 10. Bd2 a6 11. Qe2 Nc6 12. b4 Qd7 13. Rac1 Red8 14. Rc2 Ng4
15. Bd3 Qd6 16. Ne4 Qd7 17. Nfg5 Nge5 18. b5 axb5 19. Bxb5 Qd5 20. f4 Nd7 21.
Qh5 Bxg5 22. Nxg5 Nf8 23. Qxf7+ Kh8 24. Bc4 Qd6 25. f5 Nd7 26. Bxe6 Nce5 27.
dxe5 Nxe5 28. Rxc7 Qf8 29. Qh5 Qg8 30. Bxg8 h6 31. Be6 Rd7 32. Rxd7 Nxd7 33.
Qxh6+ gxh6 34. Bc3+ Nf6 35. Bxf6# {Hossa checkmated} 1-0

[Event "ICS rated blitz match"]
[Site "204.178.125.65"]
[Date "2000.12.04"]
[Round "?"]
[White "ChesterX"]
[Black "Hossa"]
[Result "1-0"]
[WhiteElo "2613"]
[BlackElo "2476"]
[PlyCount "185"]
[EventDate "2000.??.??"]

1. d4 Nf6 2. Nc3 d5 3. Bf4 Bf5 4. e3 e6 5. Bd3 Bxd3 6. Qxd3 c6 7. Nge2 Na6 8.
O-O Bd6 9. Bxd6 Qxd6 10. a3 Ng4 11. Ng3 O-O-O 12. b4 h5 13. b5 Nc7 14. bxc6 h4
15. cxb7+ Kb8 16. h3 hxg3 17. hxg4 Kxb7 18. fxg3 Qxg3 19. Rxf7 Kc8 20. e4 Qh2+
21. Kf2 Rhf8 22. Rf3 dxe4 23. Nxe4 Rxf3+ 24. Qxf3 Rxd4 25. c3 Qe5 26. Re1 Rd8
27. Kg1 Rh8 28. Rd1 Qh2+ 29. Kf2 Rd8 30. Rxd8+ Kxd8 31. c4 Qe5 32. Qe3 Kc8 33.
Kf3 a6 34. Qd3 Qb2 35. g5 Qb7 36. g6 Ne8 37. Ke3 Qb2 38. c5 Nc7 39. Nd6+ Kb8
40. Nc4 Qf6 41. Qb1+ Nb5 42. Qe4 Qc3+ 43. Qd3 Qe1+ 44. Kf3 Qh4 45. a4 Nd4+ 46.
Ke3 Nf5+ 47. Ke2 Kc7 48. Ne5 Qxa4 49. g4 Nd4+ 50. Kf2 Qa1 51. Qd2 Kc8 52. Kg2
a5 53. Qf2 Kb7 54. Nf3 Nxf3 55. Qxf3+ Kc7 56. Qb3 Kc6 57. Qb6+ Kd5 58. Qd6+ Kc4
59. c6 Qb2+ 60. Kh3 Qc3+ 61. Kh4 Qe1+ 62. Kg5 Kb3 63. c7 Qc1+ 64. Qf4 Qc3 65.
Kh4 Kb2 66. Qg3 Qc5 67. Qg2+ Kc1 68. Qf1+ Kb2 69. Qf7 Qc3 70. c8=Q Qxc8 71.
Qxg7+ Kb3 72. Qf6 Qc6 73. g7 Qh1+ 74. Kg5 Qd5+ 75. Kg6 Qe4+ 76. Kf7 Qb7+ 77.
Kxe6 Qc6+ 78. Kf7 Qb7+ 79. Kg6 Qe4+ 80. Qf5 Qc6+ 81. Kg5 Qc1+ 82. Kf6 Qc3+ 83.
Qe5 Qf3+ 84. Kg5 Qf7 85. Qb8+ Kc3 86. g8=Q Qe7+ 87. Kh5 a4 88. Qgc8+ Kd3 89.
Qb1+ Ke3 90. Qbc1+ Ke2 91. Q8c4+ Kf3 92. Q1f4+ Kg2 93. Qcf1# {Hossa checkmated}
1-0

[Event "ICS rated blitz match"]
[Site "204.178.125.65"]
[Date "2000.12.04"]
[Round "?"]
[White "Hossa"]
[Black "PostModernist"]
[Result "0-1"]
[WhiteElo "2466"]
[BlackElo "2612"]
[PlyCount "102"]
[EventDate "2000.??.??"]

1. Nf3 Nf6 2. g3 g6 3. Bg2 Bg7 4. c4 O-O 5. O-O d6 6. d4 Nc6 7. d5 Na5 8. Na3
c5 9. Kh1 b6 10. Ng5 Ng4 11. Qc2 h6 12. Ne4 Bf5 13. f3 Ne5 14. Bd2 Nb7 15. Qc1
Bxe4 16. fxe4 g5 17. Bh3 a6 18. Rf2 Qe8 19. Rb1 b5 20. b3 Rb8 21. Qf1 bxc4 22.
bxc4 Qa4 23. Qc1 Na5 24. Bxa5 Qxa5 25. Rb3 Rxb3 26. axb3 Rb8 27. Nc2 Rxb3 28.
Qf1 Qc3 29. Qd1 Nxc4 30. e5 Bxe5 31. Bf5 Nd2 32. Ne1 Bd4 33. Rg2 c4 34. Bc2 Ra3
35. e3 Ra1 36. Rxd2 Rxd1 37. Rxd1 Qxe3 38. Ng2 Qf3 39. Re1 Bf2 40. Rd1 Qe2 41.
Ba4 Qh5 42. g4 Qh3 43. Rd2 Bg3 44. Ne3 Bf4 45. Rg2 Bxe3 46. Bd1 c3 47. Be2 c2
48. Rg1 Bxg1 49. Kxg1 c1=Q+ 50. Bd1 Qxd1+ 51. Kf2 Qhf3# {Hossa checkmated} 0-1

[Event "ICS rated blitz match"]
[Site "204.178.125.65"]
[Date "2000.12.04"]
[Round "?"]
[White "Hossa"]
[Black "Mart7"]
[Result "1-0"]
[WhiteElo "2456"]
[BlackElo "1944"]
[PlyCount "51"]
[EventDate "2000.??.??"]

1. Nf3 c5 2. c4 Nc6 3. e3 g6 4. d4 Bg7 5. Nc3 d6 6. Be2 e6 7. dxc5 Bxc3+ 8.
bxc3 dxc5 9. O-O Qxd1 10. Rxd1 Nge7 11. e4 b6 12. Bh6 Bb7 13. Ng5 Bc8 14. f4 f6
15. Bg7 fxg5 16. Bxh8 gxf4 17. Bf6 Kf7 18. e5 h6 19. Rd6 Na5 20. Rf1 g5 21.
Bh5+ Ng6 22. Rfd1 Nxc4 23. Rc6 Ba6 24. Rc7+ Kg8 25. Bxg6 Rf8 26. Bh7# {
Mart7 checkmated} 1-0

[Event "ICS rated blitz match"]
[Site "204.178.125.65"]
[Date "2000.12.04"]
[Round "?"]
[White "PostModernist"]
[Black "Hossa"]
[Result "1-0"]
[WhiteElo "2625"]
[BlackElo "2458"]
[PlyCount "115"]
[EventDate "2000.??.??"]

1. d4 e6 2. g3 Nf6 3. Nf3 b5 4. Bg2 Bb7 5. O-O c5 6. c3 d5 7. a4 b4 8. a5 Ne4
9. cxb4 cxb4 10. Nbd2 Nf6 11. Ne5 Nfd7 12. Ndc4 f6 13. Nd3 Qc7 14. Ne3 Bd6 15.
Bd2 Nc6 16. Bh3 f5 17. Nc2 b3 18. Ne3 Ba6 19. Bc3 Rb8 20. Qd2 Nf6 21. f3 Bxd3
22. Qxd3 f4 23. gxf4 Bxf4 24. Rf2 Nd8 25. Ng4 Nd7 26. e3 Bd6 27. f4 O-O 28. Rg2
Nf6 29. Nxf6+ Rxf6 30. Qe2 Nc6 31. e4 dxe4 32. d5 Bc5+ 33. Kh1 Nd4 34. Qc4 exd5
35. Qxd5+ Rf7 36. Bxd4 Bxd4 37. Qxd4 Re8 38. Qa4 Qb8 39. Qc4 Qd6 40. Bf5 Qe7
41. Rd1 Qf6 42. Bxe4 Kf8 43. Bxh7 Qe6 44. Qb4+ Rfe7 45. Rg5 Rc8 46. Re5 Qc6+
47. Kg1 Qf6 48. Rf5 Qxf5 49. Bxf5 Kf7 50. Bxc8 g6 51. Be6+ Kxe6 52. Re1+ Kd5
53. Qd2+ Kc5 54. Rc1+ Kb5 55. Qd5+ Ka6 56. Qc6+ Kxa5 57. Ra1+ Kb4 58. Ra4# {
Hossa checkmated} 1-0

[Event "ICS rated bullet match"]
[Site "204.178.125.65"]
[Date "2000.12.04"]
[Round "?"]
[White "Hossa"]
[Black "twixer"]
[Result "0-1"]
[WhiteElo "2573"]
[BlackElo "2727"]
[PlyCount "96"]
[EventDate "2000.??.??"]

1. Nf3 Nf6 2. c4 c5 3. Nc3 Nc6 4. g3 d5 5. cxd5 Nxd5 6. Bg2 e6 7. O-O Be7 8. d3
O-O 9. Bd2 Bf6 10. Qc1 b6 11. Ne4 Bb7 12. a3 Nd4 13. Nxf6+ Qxf6 14. Nxd4 Qxd4
15. Be4 f5 16. Bf3 Rac8 17. Qc2 c4 18. dxc4 Rxc4 19. Qb3 Rfc8 20. Rfd1 Qe5 21.
Rab1 Rc2 22. Bf4 Qf6 23. Bd6 Kh8 24. Qb5 Qf7 25. Be5 a6 26. Qa4 Qe7 27. Ra1 b5
28. Qb3 Qg5 29. e3 h6 30. Rf1 R2c4 31. Rfe1 R8c5 32. Be2 Rh4 33. f4 Qg6 34. Bf3
a5 35. Bg2 Rh5 36. a4 b4 37. Rac1 Rc6 38. Qd3 Ba6 39. Qd2 Bb7 40. Bxd5 exd5 41.
Qxd5 Rh3 42. Qd8+ Kh7 43. b3 Rxg3+ 44. hxg3 Qxg3+ 45. Kf1 Qf3+ 46. Kg1 Rg6+ 47.
Qg5 Rxg5+ 48. fxg5 Qg2# {Hossa checkmated} 0-1

[Event "ICS rated standard match"]
[Site "204.178.125.65"]
[Date "2000.12.04"]
[Round "?"]
[White "Hossa"]
[Black "Tim"]
[Result "0-1"]
[WhiteElo "2314"]
[BlackElo "2414"]
[PlyCount "156"]
[EventDate "2000.??.??"]

1. e4 d5 2. exd5 Nf6 3. d4 Bg4 4. f3 Bf5 5. Bb5+ Nbd7 6. c4 e6 7. dxe6 Bxe6 8.
d5 Bf5 9. Nc3 Bb4 10. Qe2+ Be7 11. Bf4 O-O 12. g4 Bg6 13. O-O-O Re8 14. h4 Bb4
15. Qh2 Bxc3 16. bxc3 c6 17. h5 Bd3 18. dxc6 bxc6 19. Bc7 Qe7 20. Bxc6 Qa3+ 21.
Qb2 Qxb2+ 22. Kxb2 Rac8 23. Rxd3 Rxc7 24. Bb5 a6 25. Bxa6 Rb8+ 26. Kc2 Nc5 27.
Bb5 Nxd3 28. Kxd3 Nd7 29. Kd4 Nc5 30. Rh2 Rd8+ 31. Ke3 Nd3 32. f4 Re7+ 33. Kf3
Ne1+ 34. Kg3 Rd3+ 35. Kh4 h6 36. Bc6 Rxc3 37. Bd5 Ree3 38. Rb2 Rg3 39. Rb8+ Kh7
40. Be4+ g6 41. hxg6+ fxg6 42. Rb7+ Kg8 43. Bd5+ Kf8 44. Rb8+ Ke7 45. Rb7+ Kd8
46. Rh7 Rxg1 47. Rxh6 Nf3+ 48. Bxf3 Rxf3 49. Kg5 Rgf1 50. Rxg6 Rxf4 51. Rc6 Re4
52. c5 Rff4 53. Kh5 Rxg4 54. a3 Rg3 55. Ra6 Kc8 56. Ra7 Re1 57. Kh4 Rg6 58. Kh5
Rg2 59. Ra4 Rh1+ 60. Rh4 Rxh4+ 61. Kxh4 Kc7 62. a4 Kc6 63. Kh3 Rg8 64. Kh4 Kxc5
65. Kh5 Kb4 66. Kh6 Kxa4 67. Kh7 Rg1 68. Kh8 Kb4 69. Kh7 Kc4 70. Kh6 Kd4 71.
Kh5 Ke4 72. Kh4 Kf4 73. Kh5 Rg4 74. Kh6 Kf5 75. Kh7 Rg6 76. Kh8 Kf6 77. Kh7 Kf7
78. Kh8 Rh6# {Hossa checkmated} 0-1

[Event "ICS rated standard match"]
[Site "204.178.125.65"]
[Date "2000.12.04"]
[Round "?"]
[White "Hossa"]
[Black "ChesterX"]
[Result "0-1"]
[WhiteElo "2302"]
[BlackElo "2291"]
[PlyCount "144"]
[EventDate "2000.??.??"]

1. e4 Nf6 2. e5 Nd5 3. c4 Nb6 4. d4 d6 5. exd6 cxd6 6. Nf3 g6 7. Bd3 Nc6 8. d5
Nb4 9. Be2 Bf5 10. Na3 Bg7 11. Nd4 Bd7 12. O-O O-O 13. Bg5 Na6 14. Qd2 Rc8 15.
b3 Re8 16. Bh6 Bxh6 17. Qxh6 Nc5 18. Ndb5 a6 19. Nd4 e6 20. dxe6 Nxe6 21. Nxe6
Bxe6 22. Rfe1 d5 23. Bf3 Qc7 24. cxd5 Bxd5 25. Bg4 f5 26. Be2 Qc5 27. Nc4 Nxc4
28. bxc4 Bxc4 29. Bxc4+ Qxc4 30. Rf1 f4 31. Rfd1 Qe4 32. Qh3 b5 33. Qa3 Rc6 34.
Qa5 Qc4 35. h3 Qc3 36. Qxc3 Rxc3 37. Rd7 Rc2 38. Ra7 b4 39. Rb1 a5 40. a3 Rb8
41. Rxa5 b3 42. Kf1 b2 43. Re5 Rbc8 44. Ree1 Rd2 45. Kg1 Kf7 46. h4 Rcc2 47.
Rf1 Rc3 48. a4 Ra3 49. g3 f3 50. Rfe1 Rxa4 51. Kf1 Rc4 52. Kg1 Rcc2 53. Rf1 Ke6
54. Rbe1+ Re2 55. Rd1 Ke5 56. Rb1 h6 57. Rbd1 Rcd2 58. Rxd2 Rxd2 59. Rb1 Rc2
60. Kh2 Rxf2+ 61. Kh3 Re2 62. Rd1 f2 63. Rf1 Re1 64. Rxf2 b1=Q 65. Rf7 Ke4 66.
Re7+ Kf3 67. Rf7+ Qf5+ 68. Rxf5+ gxf5 69. Kh2 h5 70. g4 hxg4 71. h5 g3+ 72. Kh3
Rh1# {Hossa checkmated} 0-1

[Event "ICS rated bullet match"]
[Site "204.178.125.65"]
[Date "2000.12.04"]
[Round "?"]
[White "twixer"]
[Black "Hossa"]
[Result "1/2-1/2"]
[WhiteElo "2736"]
[BlackElo "2564"]
[PlyCount "98"]
[EventDate "2000.??.??"]

1. d4 d5 2. c4 dxc4 3. Nf3 Nf6 4. e3 e6 5. Bxc4 c5 6. O-O a6 7. a4 Nc6 8. Qe2
Qc7 9. Nc3 Na5 10. Ba2 b6 11. Bd2 Bb7 12. Rac1 Bd6 13. b4 cxb4 14. Nd5 Qd8 15.
Nxb4 Ne4 16. Nd3 Nxd2 17. Nxd2 Bc6 18. Qg4 O-O 19. Nc4 Bxa4 20. Nxa5 bxa5 21.
Ne5 Bb5 22. Bc4 Bxe5 23. dxe5 Qd2 24. Rfd1 Qb2 25. Qg5 h6 26. Qh5 Rad8 27. Rf1
Bxc4 28. Rxc4 Rd5 29. Rg4 Kh8 30. Rg5 Rfd8 31. f4 Rd2 32. Rg3 R2d7 33. Qg4 Rg8
34. Qh5 a4 35. Qg5 Qe2 36. Qg4 Qxg4 37. Rxg4 Rd2 38. Ra1 Rc8 39. h3 Rc4 40. f5
Rxg4 41. hxg4 Rd3 42. fxe6 fxe6 43. Rxa4 Rxe3 44. Ra5 Kh7 45. Kf2 Re4 46. Kf3
Re1 47. Kf2 Re4 48. Kf3 Re1 49. Kf2 Re4 {Game drawn by repetition} 1/2-1/2

[Event "ICS rated standard match"]
[Site "204.178.125.65"]
[Date "2000.12.04"]
[Round "?"]
[White "perucho"]
[Black "Hossa"]
[Result "1/2-1/2"]
[WhiteElo "2510"]
[BlackElo "2285"]
[PlyCount "66"]
[EventDate "2000.??.??"]

1. c4 Nf6 2. Nc3 Nc6 3. d4 e6 4. e3 Be7 5. d5 exd5 6. cxd5 Ne5 7. f4 Ng6 8. Nf3
Bb4 9. Bd3 Nxd5 10. Qb3 Bxc3+ 11. bxc3 Nf6 12. O-O O-O 13. f5 Ne7 14. e4 d6 15.
Bg5 Nc6 16. Rad1 Re8 17. Bc4 Qe7 18. Bd5 a5 19. a4 Ra6 20. Qc4 Ne5 21. Bxf6
gxf6 22. Qe2 Bd7 23. Rb1 Bxa4 24. Rxb7 Rb6 25. Rxb6 cxb6 26. Nd4 Qc7 27. Ra1
Bd7 28. Qe3 Kh8 29. Qh6 Qxc3 30. Qxf6+ Kg8 31. Qg5+ Kh8 32. Qf6+ Kg8 33. Qg5+
Kh8 {Game drawn by mutual agreement} 1/2-1/2

[Event "ICS rated blitz match"]
[Site "204.178.125.65"]
[Date "2000.12.04"]
[Round "?"]
[White "Hossa"]
[Black "diep"]
[Result "0-1"]
[WhiteElo "2449"]
[BlackElo "2629"]
[PlyCount "208"]
[EventDate "2000.??.??"]

1. c4 c5 2. Nf3 Nf6 3. Nc3 e6 4. d3 Nc6 5. g3 d5 6. Bf4 dxc4 7. dxc4 Be7 8.
Qxd8+ Bxd8 9. Bg2 Ba5 10. O-O Bxc3 11. bxc3 Ne4 12. Rac1 f6 13. Ne1 f5 14. Nd3
b6 15. Rfd1 Bb7 16. Rc2 O-O-O 17. Rcc1 g5 18. Be3 h6 19. Bxe4 fxe4 20. Nb2 Ne5
21. Rxd8+ Rxd8 22. Re1 Kc7 23. h3 Rg8 24. a4 Ba6 25. a5 Bxc4 26. Kf1 Bd5 27.
Rb1 Ra8 28. Ra1 Kd6 29. c4 Bc6 30. Rb1 Ke7 31. Kg1 Kd7 32. g4 Ke7 33. axb6 axb6
34. Kg2 Ra3 35. Nd1 Nxc4 36. Rxb6 Kd6 37. Rb1 Ra2 38. Kf1 Ba4 39. Ke1 Bc2 40.
Rc1 Nxe3 41. Nxe3 Bb3 42. Rc3 Ra1+ 43. Kd2 Rb1 44. Rc1 Rxc1 45. Kxc1 Ke5 46.
Kb2 Ba4 47. Kc3 Bb5 48. Kd2 Kd4 49. Nc2+ Kd5 50. Na3 Be8 51. Ke3 Bc6 52. Kd2
Ba4 53. Ke3 Bb3 54. Nb5 Ke5 55. Nc3 Bd5 56. Na4 c4 57. Nc3 Ba8 58. Na2 Bb7 59.
Nc3 Bc6 60. Na2 Bb7 61. Nc3 Bd5 62. Nb5 Bc6 63. Nc3 Bb7 64. Na4 Ba6 65. Nc3 Bc8
66. Nxe4 Bb7 67. Nd2 Bd5 68. f3 c3 69. Nf1 Bc4 70. Ng3 Bb5 71. Ne4 c2 72. Kd2
Bxe2 73. Nc5 Bxf3 74. Nd3+ Ke4 75. Nc5+ Kf4 76. Nxe6+ Kg3 77. Nd4 Bd1 78. Nf5+
Kxh3 79. Nxh6 Kg3 80. Kc1 Kf4 81. Kd2 Bxg4 82. Ng8 c1=Q+ 83. Kxc1 Ke5 84. Kd2
Be6 85. Ne7 Kd6 86. Ng6 Bf5 87. Nh8 Ke6 88. Ke3 Kf6 89. Kd4 Kg7 90. Ke5 Bh3 91.
Ke4 g4 92. Kf4 Kxh8 93. Kg3 Kg7 94. Kh2 Kf6 95. Kg3 Ke5 96. Kf2 Kf4 97. Ke2 g3
98. Kd3 g2 99. Kd4 g1=Q+ 100. Kd5 Qc1 101. Kd6 Qc4 102. Ke7 Ke5 103. Kf8 Kf6
104. Ke8 Qg8# {Hossa checkmated} 0-1

[Event "ICS rated blitz match"]
[Site "204.178.125.65"]
[Date "2000.12.04"]
[Round "?"]
[White "PostModernist"]
[Black "Hossa"]
[Result "0-1"]
[WhiteElo "2646"]
[BlackElo "2441"]
[PlyCount "114"]
[EventDate "2000.??.??"]

1. e4 Nf6 2. Nc3 e5 3. Bc4 Bb4 4. Nf3 O-O 5. O-O d6 6. d3 Be6 7. Bxe6 fxe6 8.
Ne2 Bc5 9. c3 Bb6 10. Bg5 Nc6 11. b4 Qd7 12. Bxf6 Rxf6 13. a4 a6 14. Qd2 Raf8
15. a5 Ba7 16. Ng3 Qf7 17. Qe2 Rf4 18. Rfd1 d5 19. Rdb1 Qd7 20. Nh5 R4f7 21.
Ra2 Qe8 22. Ng3 Rf6 23. Ra3 Rf4 24. Re1 Qf7 25. Kh1 d4 26. Rc1 Qe7 27. Nh5 R4f7
28. Qb2 Rxf3 29. gxf3 Qf7 30. Rg1 Qxf3+ 31. Rg2 Qd1+ 32. Rg1 Qxh5 33. c4 Nxb4
34. Qd2 Qf3+ 35. Rg2 Nc6 36. Ra1 g6 37. Kg1 Bc5 38. Rb1 b6 39. axb6 cxb6 40.
Rg3 Qf4 41. Qe1 Rf7 42. Rb2 Bb4 43. Qf1 Rf8 44. Ra2 a5 45. Kh1 Bd2 46. Qh3 Rf6
47. Qf1 Qxf2 48. Qd1 Qe1+ 49. Rg1 Qxd1 50. Rxd1 Bc3 51. Rg2 Rf3 52. Rg3 Rxg3
53. hxg3 a4 54. g4 a3 55. Kg2 a2 56. Kf2 Nb4 57. Ke2 Nc2 {PostModernist resigns
} 0-1

[Event "ICS rated blitz match"]
[Site "204.178.125.65"]
[Date "2000.12.04"]
[Round "?"]
[White "Hossa"]
[Black "PostModernist"]
[Result "1/2-1/2"]
[WhiteElo "2465"]
[BlackElo "2622"]
[PlyCount "123"]
[EventDate "2000.??.??"]

1. d4 Nf6 2. Nc3 d6 3. Nf3 g6 4. e4 Bg7 5. Bd3 O-O 6. O-O Bg4 7. h3 Bxf3 8.
Qxf3 Nc6 9. Ne2 Nb4 10. Bg5 e5 11. dxe5 dxe5 12. Rfd1 Qe7 13. Bb5 Nxc2 14. Rac1
Rfd8 15. Rxd8+ Qxd8 16. Qb3 Nd4 17. Nxd4 Qxd4 18. Rxc7 Rf8 19. Bxf6 Bxf6 20.
Be8 Kh8 21. Rxf7 Qc5 22. Rxf8+ Qxf8 23. Bb5 Kg7 24. Bc4 b6 25. Qa4 Qe7 26. Bd5
h5 27. g3 h4 28. Kg2 Kh7 29. Qc6 Bg7 30. a3 hxg3 31. fxg3 Qg5 32. Qc3 Qh5 33.
Qe1 Bf6 34. Qf1 Qg5 35. h4 Qd2+ 36. Kh3 Bg7 37. b3 Qc2 38. Qf3 Qc8+ 39. g4 b5
40. b4 a6 41. Bb3 Kh8 42. Bf7 Qc6 43. g5 Qd7+ 44. Kg3 Qd6 45. Qc3 Bf8 46. Bd5
Be7 47. Qc8+ Bd8 48. Kg2 Qc7 49. Qe6 Qc2+ 50. Kf1 Qd1+ 51. Kf2 Qd2+ 52. Kg3
Qe3+ 53. Kh2 Qe2+ 54. Kg1 Qe1+ 55. Kg2 Qe2+ 56. Kh1 Qf1+ 57. Kh2 Qe2+ 58. Kg1
Qe1+ 59. Kg2 Qe2+ 60. Kh1 Qf1+ 61. Kh2 Qe2+ 62. Kg1 {Game drawn by repetition}
1/2-1/2

[Event "ICS rated blitz match"]
[Site "204.178.125.65"]
[Date "2000.12.04"]
[Round "?"]
[White "diep"]
[Black "Hossa"]
[Result "0-1"]
[WhiteElo "2637"]
[BlackElo "2472"]
[PlyCount "202"]
[EventDate "2000.??.??"]

1. d4 Nf6 2. c4 e6 3. Nc3 Bb4 4. Qc2 O-O 5. a3 Bxc3+ 6. Qxc3 b6 7. Bg5 Bb7 8.
f3 h6 9. Bh4 d5 10. e3 Nbd7 11. Nh3 c5 12. cxd5 Nxd5 13. Bxd8 Nxc3 14. Be7 Rfe8
15. Bh4 Nd5 16. Bb5 g5 17. dxc5 Nxc5 18. Bxe8 Rxe8 19. Bf2 Nd3+ 20. Kd2 Nxb2
21. e4 Nc4+ 22. Kd3 Ne5+ 23. Kc2 g4 24. exd5 gxh3 25. Rhg1 hxg2 26. Rxg2+ Kf8
27. Rag1 Rc8+ 28. Kd1 Rc4 29. Rg8+ Ke7 30. dxe6 Kxe6 31. R1g3 Ke7 32. f4 Rxf4
33. Be1 Bf3+ 34. Kc1 Rc4+ 35. Kb2 Be4 36. Bb4+ Kd7 37. Bc3 Nd3+ 38. Kb3 Rc6 39.
Re3 Nc5+ 40. Kc4 Bc2 41. Bb4 Ne6+ 42. Kd5 a5 43. Bf8 Rc8 44. Rxe6 Bb3+ 45. Kd4
Bxe6 46. Rh8 h5 47. Bg7 Rc5 48. Ke4 Kc6 49. Bf6 Rb5 50. h4 Rb3 51. Be7 Bg4 52.
Ke5 Re3+ 53. Kf6 Rf3+ 54. Ke5 Kd7 55. Bf8 f6+ 56. Kd5 Rf5+ 57. Ke4 Rf1 58. Rh7+
Ke8 59. Rh8 Kf7 60. Bd6 Ke6 61. Bc7 Bf5+ 62. Ke3 Ra1 63. Bxb6 Rxa3+ 64. Kf2 Bg4
65. Ra8 a4 66. Bc5 Ra2+ 67. Ke3 Kd5 68. Bf8 Kc4 69. Ra7 Re2+ 70. Kf4 Kb3 71.
Rb7+ Kc3 72. Bg7 Rf2+ 73. Ke3 Rf3+ 74. Ke4 a3 75. Ra7 Kb2 76. Rb7+ Kc2 77. Rc7+
Kd1 78. Ra7 Kc1 79. Bf8 f5+ 80. Kd5 Kb2 81. Rb7+ Rb3 82. Bg7+ Kc2 83. Ra7 f4
84. Bd4 Kb1 85. Re7 a2 86. Re1+ Kc2 87. Ra1 Ra3 88. Ke4 Ra4 89. Ke5 Kb3 90. Rf1
Rxd4 91. Kxd4 Bf5 92. Ra1 Bb1 93. Ke5 f3 94. Kd4 f2 95. Kd5 f1=Q 96. Kc6 Be4+
97. Kd7 Qxa1 98. Kc7 Qe5+ 99. Kd8 Qd6+ 100. Kc8 Qe7 101. Kb8 Qb7# {
diep checkmated} 0-1

[Event "ICS rated blitz match"]
[Site "204.178.125.65"]
[Date "2000.12.04"]
[Round "?"]
[White "Hossa"]
[Black "diep"]
[Result "0-1"]
[WhiteElo "2495"]
[BlackElo "2614"]
[PlyCount "103"]
[EventDate "2000.??.??"]

1. d4 Nf6 2. c4 e6 3. Nf3 b6 4. g3 Ba6 5. b3 Bb4+ 6. Bd2 Be7 7. Bg2 c6 8. O-O
d5 9. Ne5 Nfd7 10. Nxd7 Nxd7 11. Bc3 O-O 12. Qd3 Bd6 13. e4 dxc4 14. bxc4 f6
15. Rd1 Qe7 16. e5 fxe5 17. Be4 Qf7 18. Bxh7+ Kh8 19. Rd2 exd4 20. Bg6 Ne5 21.
Bxf7 Nxd3 22. Rxd3 Rxf7 23. Rxd4 Bc5 24. Rh4+ Kg8 25. Bd4 Rd8 26. Bxc5 Rd1+ 27.
Kg2 bxc5 28. a4 Rb7 29. Re4 Rdxb1 30. Rxb1 Rxb1 31. f3 Kf7 32. Rf4+ Kg6 33. Re4
Rb2+ 34. Kg1 e5 35. Rxe5 Bxc4 36. Rxc5 Bd5 37. f4 a6 38. Ra5 Rg2+ 39. Kf1 Rxh2
40. Rxa6 Rg2 41. Ra8 Rxg3 42. a5 Ra3 43. Ke1 Kf5 44. Ra7 g6 45. Kd2 Kxf4 46.
Kc2 g5 47. Kd1 g4 48. Kc2 g3 49. a6 g2 50. Rg7 Rxa6 51. Kb2 Ra2+ 52. Kc1 {
Hossa resigns} 0-1

[Event "ICS rated blitz match"]
[Site "204.178.125.65"]
[Date "2000.12.04"]
[Round "?"]
[White "diep"]
[Black "Hossa"]
[Result "1/2-1/2"]
[WhiteElo "2625"]
[BlackElo "2484"]
[PlyCount "175"]
[EventDate "2000.??.??"]

1. e4 Nf6 2. e5 Nd5 3. d4 d6 4. Nf3 g6 5. Bc4 Nb6 6. Bb3 a5 7. e6 fxe6 8. Ng5
Nd5 9. Qf3 Qd7 10. Qf7+ Kd8 11. Qf3 Ke8 12. Nc3 h6 13. Qf7+ Kd8 14. Nh7 Qe8 15.
Qxe8+ Kxe8 16. Nxf8 Kxf8 17. Bxd5 exd5 18. Nxd5 Na6 19. Bd2 b6 20. c4 Kf7 21.
O-O-O Bb7 22. a3 Bxd5 23. cxd5 Nb8 24. Kc2 Nd7 25. Kd3 Nf6 26. Kc4 b5+ 27. Kxb5
Rhb8+ 28. Kc4 Rxb2 29. Rhf1 h5 30. Bc3 Ra2 31. Ra1 Rxa1 32. Rxa1 a4 33. Rb1 Nd7
34. Rb5 Nb6+ 35. Kd3 Kf6 36. f3 g5 37. Ke4 Rg8 38. Be1 Nc4 39. Rb7 Rc8 40. Ra7
Nxa3 41. Rxa4 Nb5 42. h4 gxh4 43. Rb4 Na3 44. Bxh4+ Kf7 45. Kd3 Ra8 46. Rb2 Kf8
47. Re2 Re8 48. Ra2 Ra8 49. g4 hxg4 50. fxg4 Ra4 51. Bg5 Ra7 52. Rf2+ Ke8 53.
Re2 Kf7 54. Rxe7+ Kg6 55. Bh4 Nb5 56. Kc4 Na3+ 57. Kb4 Nc2+ 58. Kc3 Na3 59. Re8
Kg7 60. Rb8 Kg6 61. Bd8 Kf7 62. Kd3 Kg7 63. Bg5 Ra5 64. Rb7 Kg6 65. Bc1 Ra4 66.
Rxc7 Rxd4+ 67. Kxd4 Nb5+ 68. Kd3 Nxc7 69. Ke4 Ne8 70. g5 Ng7 71. Be3 Nf5 72.
Bd2 Ng3+ 73. Kf4 Nh5+ 74. Kg4 Ng7 75. Bc1 Nf5 76. Kf4 Ne7 77. Ke4 Nf5 78. Bf4
Ne7 79. Bd2 Nf5 80. Kd3 Ne7 81. Kc4 Kf5 82. Kd4 Ng6 83. Ba5 Kxg5 84. Ke4 Kg4
85. Bd8 Nf4 86. Be7 Nxd5 87. Kxd5 Kh3 88. Bxd6 {
Game drawn because neither player has mating material} 1/2-1/2

[Event "ICS rated blitz match"]
[Site "204.178.125.65"]
[Date "2000.12.04"]
[Round "?"]
[White "Hossa"]
[Black "diep"]
[Result "0-1"]
[WhiteElo "2490"]
[BlackElo "2619"]
[PlyCount "92"]
[EventDate "2000.??.??"]

1. d4 Nf6 2. c4 e6 3. Nf3 Bb4+ 4. Bd2 Qe7 5. g3 Nc6 6. Nc3 Bxc3 7. bxc3 d5 8.
cxd5 exd5 9. Bg2 Ne4 10. Qb3 Qd8 11. Bf4 Na5 12. Qb4 Nc4 13. Ne5 Nxe5 14. Bxe5
f6 15. Bf4 g5 16. Bc1 a5 17. Qa4+ Qd7 18. Qc2 Qc6 19. Bb2 Bf5 20. Qd3 O-O-O 21.
O-O Rhe8 22. Rfe1 b6 23. Bf1 Kb8 24. Qe3 Qd7 25. Qc1 Bh3 26. Bg2 Bxg2 27. Kxg2
g4 28. Qf4 Qb5 29. Rab1 h5 30. Ba1 Qc6 31. Kg1 Qd6 32. Qe3 h4 33. Qd3 hxg3 34.
fxg3 Qd7 35. c4 dxc4 36. Qxc4 Nd2 37. Qc2 Nxb1 38. Qxb1 Re3 39. Qc2 Rde8 40. a4
Qd5 41. Rc1 Rxe2 42. Qxc7+ Ka8 43. Qc8+ Rxc8 44. Rxc8+ Kb7 45. Rc7+ Kxc7 46.
Bc3 Qg2# {Hossa checkmated} 0-1